000 00443 a2200145 4500
020 _a0007121032
082 _a823.912
090 _c1077
_d1077
100 _aChristie, Agatha
245 _aAt Bertram's Hotel
_cAgatha Christie
260 _aLondon:
_bHarper Collins Publishers,
_c1965.
300 _a320 p. ;
_c19 cm.
650 _a 1.Marple, Jane (Fictitious character) --Fiction.2.Women detectives --England --Fiction.
942 _cBK
_k823.912 CHR
999 _c5040
_d5040